O Alfaiate Valente (Record no. 16396)

MARC details
000 -Etiqueta do registo
Valores 00342nam a2200133 4500
010 ## - Número ISBN
ISBN 9789898479297
100 ## - Dados gerais de processamento
Dados gerais 20250825 pory50
200 ## - Titulo e menção de responsabilidade
Título próprio O Alfaiate Valente
Primeira menção de responsabilidade Adapt. Alice Eça Guimarães
210 ## - Publicação
Local de publicação [S.L.]
Nome do editor MediaPromo
Data de publicação 2012
215 ## - Descrição física 
Paginação / Volumes [29]p.
Outras indicações físicas il.
Dimensões 19 cm
801 ## - Fonte de origem
País PT
Agência BMA
Regras de catalogação RPC
990 ## - Elementos KOHA
Tipo de documento Livro
Holdings
Situação do levantamento Estado Biblioteca de origem Código de barras Cota Permissão de empréstimo Tipo de documento Forma de aquisição
    Biblioteca Municipal do Alandroal C18138/24 087.5 ALF   Livro Oferta

Powered by Koha